LEADER 01016nam a2200229 4500 001 000000354746 003 CaOOAMICUS 005 20230727100644.0 008 230727s1946 it 000 u ita r 040 $aSeMil$bita 100 1 $aFanfani, Amintore,$d<1908-1999>.$0(OLS)http://semarc/name/5491 245 13$aIl neovolontarismo economico statunitense /$cAmintore Fanfani. 264 1$aMilano ; Messina :$bPrincipato,$c1946. 300 $aVI, 78 p. ;$c22 cm 650 4$aEconomia - Teorie - Stati Uniti d'America.$0(OLS)http://semarc/subject/54096 650 4$aStati Uniti d'America - Politica economica.$0(OLS)http://semarc/subject/6533 850 $aSeMil 852 $aSeMil$W1$xVenegono$y1$m3N IV 61$j242457$B246038$CSeMilBibl$Z2$F246038 $81 961 $aCon firma autografa dell'autore (Amintore Fanfani) 996 $6245$aIl neovolontarismo economico statunitense$9(OLS)http://semarc/title/444902 996 $6264$aMilano ; Messina :$bPrincipato$9(OLS)http://semarc/publisher/33175 LEADER 00834nam a2200205 i 4500 001 000000048943 003 CaOOAMICUS 005 19981020000000.0 008 981020n it u000 u ita u 013 $a20113 020 $a8838424004 040 $aSeMil$bita 240 03$aLa Bibbia di Gerusalemme.$0(OLS)http://semarc/title/51506 245 13$aLa Bibbia. Casale Monferrato :$bPiemme, 1995. 3392 p., [8] p. di tav. ; 29 cm. 650 4$aBibbia - Traduzioni italiane.$0(OLS)http://semarc/subject/333 850 $aSeMil 852 $aSeMil$W1$xVenegono$y1$mSL1.R IV 6$j15098$B15098$CSeMilBibl$Z2$F15098 $8I 961 $aAcquisto: Distributore 996 $6020$a8838424004$9(OLS)http://semarc/number/22205 996 $6245$aLa Bibbia. Casale Monferrato :$bPiemme, 1995. 3392 p., [8] p. di tav. ; 29 cm.$9(OLS)http://semarc/title/74216